Walt whitman /
Guardado en:
| Autor Principal: | |
|---|---|
| Formato: | Libro |
| Publicado: |
Buenos Aires :
Americalee,
1945
|
| Series: | Coleccion Vida Y Pensamiento ;
|
| Materias: | |
| Etiquetas: |
Agregar Etiqueta
Sin Etiquetas, Sea el primero en etiquetar este registro!
|
| LEADER | 00590nam a22002055a 4500 | ||
|---|---|---|---|
| 001 | EHU.bham025401 | ||
| 003 | AR-BHAM | ||
| 005 | 20101120133330.0 | ||
| 008 | 130507s1945##################000#0#####d | ||
| 082 | 9 | 2 | |a 928 |
| 100 | 1 | |a Franco, Luis | |
| 245 | 1 | 0 | |a Walt whitman / |c Luis Franco |
| 260 | |a Buenos Aires : |b Americalee, |c 1945 | ||
| 300 | |a 240 p. | ||
| 490 | 0 | |a Coleccion Vida Y Pensamiento ; | |
| 653 | |a Donacion lejarraga | ||
| 653 | |a Biografias | ||
| 653 | |a Biografias de escritores | ||
| 653 | |a Literatura norteamericana | ||
| 859 | |a AR-BHAM |b BIB. HUMANIDADES - General |h 928 |i W591F |p 58.03 |t Ej.1 | ||
